[Event "4th EUR-ch"]
[Site "Istanbul TUR"]
[Date "2003.06.02"]
[Round "4.49"]
[White "Fridmans, Daniels"]
[Black "Svetuschin, Dumitru"]
[Result "0-1"]
[WhiteElo "2621"]
[BlackElo "2543"]
[EventDate "2003.05.30"]
[PlyCount "146"]

1.e4 c5 2.Nf3 e6 3.d3 Nc6 4.g3 Nf6 5.Bg2 Be7 6.O-O d6 7.c4 O-O 8.Nc3 a6 9.
h3 Nd7 10.d4 cxd4 11.Nxd4 Nxd4 12.Qxd4 b6 13.b3 Qc7 14.Bb2 Bf6 15.Qd2 Bb7 
16.Rfd1 Be7 17.Rac1 Rfd8 18.Qd4 Bf8 19.h4 Rac8 20.Rc2 Qb8 21.Qe3 b5 22.
cxb5 axb5 23.Rcd2 b4 24.Ne2 Nc5 25.Rd4 Qa8 26.Nc1 d5 27.exd5 exd5 28.Qd2 
Re8 29.Bxd5 Bxd5 30.Rxd5 Ne4 31.Qd4 Nc3 32.Bxc3 bxc3 33.Rf1 c2 34.Qd3 Qa3 
35.Kg2 Qb2 36.a4 Bb4 37.Rd7 Qf6 38.Qd4 Qc6+ 39.Qd5 Qxd5+ 40.Rxd5 Red8 41.
Rd3 Ba3 42.Rxd8+ Rxd8 43.a5 Kf8 44.a6 Ra8 45.Nd3 Rxa6 46.Ra1 Ke7 47.Nc1 
Kd6 48.Ra2 Bxc1 49.Rxa6+ Kd5 50.Ra2 Bb2 51.Rxb2 c1=Q 52.Re2 Kd4 53.Re7 
Qc6+ 54.Kg1 Qd5 55.Re3 h6 56.Kh2 g5 57.hxg5 hxg5 58.Kg1 f5 59.Kh2 f4 60.
Re2 Qxb3 61.Kh3 Qf3 62.Rd2+ Kc3 63.Ra2 Qh5+ 64.Kg2 f3+ 65.Kg1 Qf7 66.Ra3+ 
Kd4 67.Re3 Qh5 68.Ra3 Qf7 69.Re3 Qb7 70.Kh2 Qh7+ 71.Kg1 Qb1+ 72.Kh2 Qd1 
73.g4 Qe2 0-1

[Event "4th EUR-ch"]
[Site "Istanbul TUR"]
[Date "2003.06.02"]
[Round "4.51"]
[White "Korneev, Oleg"]
[Black "Roiz, Michael"]
[Result "0-1"]
[WhiteElo "2606"]
[BlackElo "2529"]
[EventDate "2003.05.30"]
[PlyCount "118"]

1.e4 e5 2.Nf3 Nc6 3.Bb5 a6 4.Ba4 Nf6 5.O-O Be7 6.Re1 b5 7.Bb3 d6 8.h3 O-O 
9.c3 Nb8 10.d4 Nbd7 11.Nbd2 Bb7 12.Bc2 Re8 13.Nf1 Bf8 14.Ng3 g6 15.b3 c6 
16.Bg5 h6 17.Be3 Qc7 18.Qd2 Kh7 19.Nh2 Bg7 20.Rad1 Qa5 21.Ng4 h5 22.Nxf6+ 
Nxf6 23.Bg5 Kg8 24.a4 Nh7 25.Bh6 Bxh6 26.Qxh6 Qxc3 27.Re3 Qxc2 28.Nf5 
Qxd1+ 29.Kh2 gxf5 30.Rg3+ Qg4 31.hxg4 fxg4 32.Qxh5 Bc8 33.f3 exd4 34.fxg4 
Re5 35.g5 Nf8 36.Rf3 Ra7 37.Rf6 Be6 38.Rh6 Ng6 39.Rh7 Rxe4 40.g3 Kf8 41.
Qh6+ Ke8 42.Rh8+ Nxh8 43.Qxh8+ Ke7 44.Qf6+ Kd7 45.g6 Ra8 46.Qg7 Rg4 47.Qf6
Rxg6 48.Qxd4 Bxb3 49.Qb6 Rh8+ 50.Kg1 Rxg3+ 51.Kf2 Rhh3 52.Qb7+ Ke6 53.Qc8+
Ke5 54.Qe8+ Be6 55.Qxc6 Rc3 56.Qe8 b4 57.a5 b3 58.Qd8 Rc2+ 59.Kg1 Rg3+ 0-1

[Event "4th EUR-ch"]
[Site "Istanbul TUR"]
[Date "2003.06.02"]
[Round "4.53"]
[White "Andersson, Ulf"]
[Black "Potkin, Vladimir"]
[Result "1-0"]
[WhiteElo "2594"]
[BlackElo "2522"]
[EventDate "2003.05.30"]
[PlyCount "161"]

1.Nf3 d5 2.d4 Nf6 3.c4 e6 4.g3 dxc4 5.Qa4+ c6 6.Qxc4 b5 7.Qd3 Bb7 8.Bg2 
Nbd7 9.O-O a6 10.Be3 c5 11.dxc5 Bxc5 12.Nbd2 Qb6 13.Bxc5 Nxc5 14.Qe3 O-O 
15.Nb3 Rfc8 16.Ne5 Bxg2 17.Kxg2 Nd5 18.Qf3 Qc7 19.Nxc5 Qxe5 20.Nd3 Qd6 21.
Rac1 h6 22.Rfd1 Qe7 23.a3 a5 24.Qe4 Rab8 25.Qd4 Qb7 26.Kg1 b4 27.a4 Rc6 
28.Rc5 Rxc5 29.Qxc5 Rc8 30.Qxa5 Ra8 31.Qb5 Qxb5 32.axb5 Rb8 33.Rc1 Rxb5 
34.Rc8+ Kh7 35.e4 Nf6 36.f3 g5 37.g4 Rb7 38.Kf2 h5 39.h3 hxg4 40.hxg4 b3 
41.Nc5 Ra7 42.Ke3 Kg7 43.Rb8 Rc7 44.Nd3 Nd7 45.Rxb3 Kf6 46.Rc3 Rb7 47.Kd4 
Ra7 48.Ra3 Rc7 49.Rc3 Ra7 50.Ra3 Rc7 51.b4 Rc2 52.Ra7 Nb6 53.Ra6 Nd7 54.
Ra7 Nb6 55.Ra6 Nd7 56.b5 Rd2 57.Kc3 Rd1 58.Ra7 Nb6 59.Ra6 Nd7 60.Ra7 Nb6 
61.Rb7 Na4+ 62.Kb4 Rxd3 63.Kxa4 Rxf3 64.Rc7 Rf1 65.b6 Ke5 66.Rc4 Rb1 67.
Rb4 Ra1+ 68.Kb5 Ra8 69.b7 Rb8 70.Kc6 Kf4 71.Kc7 Rg8 72.Rd4 f6 73.b8=Q Rxb8
74.Kxb8 Kxg4 75.Kc7 e5 76.Ra4 Kf4 77.Kd6 g4 78.Kd5 g3 79.Ra8 f5 80.Rf8 g2 
81.Rxf5+ 1-0

[Event "4th EUR-ch"]
[Site "Istanbul TUR"]
[Date "2003.06.02"]
[Round "4.54"]
[White "Guseinov, Kadir"]
[Black "Istratescu, Andrei"]
[Result "1-0"]
[WhiteElo "2505"]
[BlackElo "2593"]
[EventDate "2003.05.30"]
[PlyCount "81"]

1.e4 g6 2.d4 Bg7 3.Nf3 d6 4.Be2 Nf6 5.Nc3 O-O 6.O-O c6 7.a4 Nbd7 8.Be3 Qc7
9.Nd2 b6 10.f4 Bb7 11.e5 Nd5 12.Nxd5 cxd5 13.Bd3 e6 14.Qg4 Rae8 15.h4 f6 
16.h5 fxe5 17.fxe5 dxe5 18.h6 exd4 19.hxg7 Rxf1+ 20.Rxf1 dxe3 21.Qf3 Nf6 
22.Qxf6 Qxg7 23.Qxg7+ Kxg7 24.Nb3 e5 25.c3 Bc8 26.Re1 Kf6 27.Rxe3 Re7 28.
Re1 Bf5 29.Rd1 Ke6 30.Kf2 Rf7 31.Ke3 a5 32.Rf1 h5 33.Nd2 d4+ 34.Ke2 Bxd3+ 
35.Kxd3 Rxf1 36.Nxf1 dxc3 37.bxc3 Kd5 38.c4+ Kc5 39.Kc3 h4 40.Nd2 Kd6 41.
Nf3 1-0

[Event "4th EUR-ch"]
[Site "Istanbul TUR"]
[Date "2003.06.02"]
[Round "4.55"]
[White "Galkin, Alexander"]
[Black "Georgiev, Krum"]
[Result "1-0"]
[WhiteElo "2591"]
[BlackElo "2516"]
[EventDate "2003.05.30"]
[PlyCount "45"]

1.e4 c5 2.Nf3 d6 3.d4 cxd4 4.Nxd4 Nf6 5.Nc3 Bd7 6.Bg5 e6 7.f4 Nc6 8.Qd2 
Qb6 9.Bxf6 gxf6 10.Nb3 O-O-O 11.O-O-O Ne7 12.Be2 h5 13.Rhf1 Be8 14.Rf3 Bg7
15.Rh3 h4 16.Bg4 Kc7 17.Kb1 Bc6 18.Rd3 Be8 19.a4 Bh6 20.a5 Qc6 21.Qf2 Ng6 
22.Qxa7 Qa6 23.Nd5+ 1-0

[Event "4th EUR-ch"]
[Site "Istanbul TUR"]
[Date "2003.06.02"]
[Round "4.56"]
[White "Shneider, Alexander"]
[Black "Huzman, Alexander"]
[Result "1/2-1/2"]
[WhiteElo "2497"]
[BlackElo "2589"]
[EventDate "2003.05.30"]
[PlyCount "22"]

1.d4 Nf6 2.c4 e6 3.Nf3 d5 4.g3 Bb4+ 5.Bd2 Be7 6.Bg2 O-O 7.O-O c6 8.b3 b6 
9.Bf4 Nbd7 10.Nc3 Ba6 11.cxd5 cxd5 1/2-1/2

[Event "4th EUR-ch"]
[Site "Istanbul TUR"]
[Date "2003.06.02"]
[Round "4.58"]
[White "Bocharov, Dmitry"]
[Black "Palac, Mladen"]
[Result "1/2-1/2"]
[WhiteElo "2492"]
[BlackElo "2587"]
[EventDate "2003.05.30"]
[PlyCount "56"]

1.d4 Nf6 2.Nf3 e6 3.c4 b6 4.a3 Bb7 5.Nc3 d5 6.cxd5 Nxd5 7.Bd2 Be7 8.Qc2 
O-O 9.Nxd5 exd5 10.e3 Nd7 11.Bd3 Nf6 12.O-O c5 13.Bc3 c4 14.Bf5 g6 15.Bh3 
Ne4 16.Nd2 Bd6 17.Nxe4 dxe4 18.Bb4 Bd5 19.Qc3 Re8 20.g3 a6 21.Rfc1 b5 22.
Bxd6 Qxd6 23.Qb4 Red8 24.Bf1 Rab8 25.Bg2 Rb6 26.Rc3 a5 27.Qxd6 Rbxd6 28.
Rac1 a4 1/2-1/2

[Event "4th EUR-ch"]
[Site "Istanbul TUR"]
[Date "2003.06.02"]
[Round "4.59"]
[White "Hracek, Zbynek"]
[Black "Korobov, Anton"]
[Result "1/2-1/2"]
[WhiteElo "2584"]
[BlackElo "2513"]
[EventDate "2003.05.30"]
[PlyCount "177"]

1.e4 c5 2.Nf3 Nc6 3.c3 e6 4.d4 d5 5.exd5 exd5 6.Bb5 Bd6 7.dxc5 Bxc5 8.O-O 
Ne7 9.Nbd2 O-O 10.Nb3 Bd6 11.Bg5 Qc7 12.Bh4 Nf5 13.Bg3 Nxg3 14.hxg3 Be6 
15.Bd3 Qb6 16.Nbd4 Nxd4 17.Nxd4 Bc5 18.Nb3 Bd6 19.Re1 g6 20.Re3 a5 21.Qd2 
a4 22.Nd4 Bc5 23.Be2 a3 24.b3 Bxd4 25.cxd4 Rfc8 26.g4 Qc7 27.Kf1 Qc2 28.
Qxc2 Rxc2 29.Ke1 Rac8 30.Rd3 f5 31.g5 f4 32.b4 Bf5 33.Rd2 Rxd2 34.Kxd2 
Rc2+ 35.Ke1 Kf7 36.Bd1 Rc4 37.Bb3 Rxd4 38.Rc1 Ke6 39.Rc5 Rxb4 40.Ra5 Re4+ 
41.Kf1 Re5 42.Rxa3 Bd3+ 43.Kg1 Rxg5 44.Bd1 Bc4 45.Ra7 Ba6 46.Ra8 Re5 47.
Kh2 d4 48.Rd8 d3 49.g3 Ke7 50.Rd4 Re1 51.Bb3 fxg3+ 52.Kxg3 h5 53.f4 Rg1+ 
54.Kf2 Rb1 55.Ke3 h4 56.Kf3 Rg1 57.Kf2 Rg4 58.Bd1 Rg3 59.Bf3 Kf6 60.a4 Kf5
61.a5 Ke6 62.Bg2 g5 63.fxg5 Rxg5 64.Rxh4 Rxa5 65.Rh6+ Kd7 66.Rh7+ Kc8 67.
Bh3+ Kb8 68.Rd7 Ra2+ 69.Ke3 Re2+ 70.Kf3 Bb5 71.Rd4 Re1 72.Kf2 Re2+ 73.Kf3 
Rb2 74.Bf5 Rb3 75.Ke3 Kc7 76.Kd2 Kb6 77.Be6 Rb2+ 78.Kc3 Re2 79.Bf7 Re1 80.
Rd5 Rc1+ 81.Kb4 Ba6 82.Rd6+ Rc6 83.Rd7 Ka7 84.Rd8 Rh6 85.Rd4 Rb6+ 86.Kc3 
Rc6+ 87.Kb4 Kb8 88.Ka4 Rc1 89.Rd8+ 1/2-1/2

[Event "4th EUR-ch"]
[Site "Istanbul TUR"]
[Date "2003.06.02"]
[Round "4.62"]
[White "Socko, Bartosz"]
[Black "Erenburg, Sergey"]
[Result "1/2-1/2"]
[WhiteElo "2577"]
[BlackElo "2499"]
[EventDate "2003.05.30"]
[PlyCount "85"]

1.e4 c6 2.d4 d5 3.Nc3 dxe4 4.Nxe4 Nd7 5.Ng5 Ngf6 6.Bd3 e6 7.N1f3 Bd6 8.Qe2
h6 9.Ne4 Nxe4 10.Qxe4 Qc7 11.Qg4 Kf8 12.O-O c5 13.b3 e5 14.dxc5 Nxc5 15.
Bf5 h5 16.Qh3 g6 17.Bxc8 Rxc8 18.Re1 Kg7 19.Bb2 f6 20.Nh4 Qf7 21.Rad1 Rcd8
22.Qg3 Kh7 23.Qe3 b6 24.Bc1 Qg7 25.Rd5 Ne6 26.Red1 Bc5 27.Qe4 Rxd5 28.Rxd5
Rd8 29.Rxd8 Nxd8 30.Qd5 Qe7 31.Kf1 Ne6 32.Qd2 Qg7 33.Qd5 Qe7 34.Qd2 Qg7 
35.Nf3 e4 36.Qd5 exf3 37.Qxe6 fxg2+ 38.Kxg2 Qb7+ 39.f3 Qe7 40.Qxe7+ Bxe7 
41.Bf4 Kg7 42.Bb8 a6 43.c4 1/2-1/2

[Event "4th EUR-ch"]
[Site "Istanbul TUR"]
[Date "2003.06.02"]
[Round "4.63"]
[White "Rotsagov, Mihhail"]
[Black "Timofeev, Artiom"]
[Result "1/2-1/2"]
[WhiteElo "2487"]
[BlackElo "2577"]
[EventDate "2003.05.30"]
[PlyCount "40"]

1.e4 c5 2.Nf3 d6 3.d4 cxd4 4.Nxd4 Nf6 5.Nc3 e6 6.f4 Nc6 7.Be3 e5 8.fxe5 
Ng4 9.Bg1 Ngxe5 10.Qd2 Be7 11.O-O-O Nxd4 12.Bxd4 O-O 13.Be3 Be6 14.Nd5 
Bxd5 15.Qxd5 Bg5 16.Bxg5 Qxg5+ 17.Kb1 Qe7 18.Bc4 Rad8 19.c3 g6 20.Rhf1 Kg7
1/2-1/2

[Event "4th EUR-ch"]
[Site "Istanbul TUR"]
[Date "2003.06.02"]
[Round "4.65"]
[White "Mastrovasilis, Dimitrios"]
[Black "Sargissian, Gabriel"]
[Result "0-1"]
[WhiteElo "2456"]
[BlackElo "2572"]
[EventDate "2003.05.30"]
[PlyCount "152"]

1.e4 c6 2.d4 d5 3.Nc3 dxe4 4.Nxe4 Nd7 5.Nf3 Ngf6 6.Nxf6+ Nxf6 7.c3 Bg4 8.
h3 Bxf3 9.Qxf3 Qd5 10.Be2 Qxf3 11.Bxf3 e6 12.O-O Bd6 13.Bd2 O-O-O 14.Rad1 
Nd5 15.g3 Be7 16.Be4 Bf6 17.Kg2 h6 18.Bc1 Rd7 19.f4 g6 20.Rde1 h5 21.g4 
hxg4 22.hxg4 Rdd8 23.Rh1 Ne7 24.Bc2 Kd7 25.Ref1 Bg7 26.Rxh8 Rxh8 27.f5 
gxf5 28.gxf5 Nxf5 29.Bxf5 exf5 30.Rxf5 Ke6 31.Rf2 Bh6 32.Re2+ Kd7 33.Bxh6 
Rxh6 34.Rf2 Ke7 35.Rf5 Rg6+ 36.Kf3 Rg1 37.Re5+ Kd6 38.Re2 Ra1 39.b3 Rc1 
40.c4 b5 41.cxb5 cxb5 42.Ke4 Rf1 43.Rh2 f5+ 44.Kd3 Rf3+ 45.Ke2 Rg3 46.Rh5 
Ke6 47.Rh6+ Kd5 48.Ra6 Ke4 49.Kf2 Rf3+ 50.Kg2 Rd3 51.Rxa7 Rd2+ 52.Kg1 f4 
53.a4 b4 54.a5 Kf3 55.a6 Rxd4 56.Rf7 Rd1+ 57.Kh2 Rd2+ 58.Kg1 Rg2+ 59.Kh1 
Ra2 60.a7 Ke3 61.Kg1 Kf3 62.Kh1 Ra5 63.Kg1 Ra6 64.Kh2 Ra1 65.Rb7 Ke3 66.
Kg2 f3+ 67.Kg3 Rg1+ 68.Kh2 Rg2+ 69.Kh3 Rg8 70.Rg7 f2 71.Rxg8 f1=Q+ 72.Kh2 
Qe2+ 73.Kg1 Qd1+ 74.Kh2 Qc2+ 75.Kg1 Qb1+ 76.Kg2 Qa2+ 0-1

[Event "4th EUR-ch"]
[Site "Istanbul TUR"]
[Date "2003.06.02"]
[Round "4.67"]
[White "Burmakin, Vladimir"]
[Black "Olafsson, Helgi"]
[Result "0-1"]
[WhiteElo "2569"]
[BlackElo "2473"]
[EventDate "2003.05.30"]
[PlyCount "36"]

1.d4 Nf6 2.c4 e6 3.Nc3 Bb4 4.Qc2 O-O 5.a3 Bxc3+ 6.Qxc3 b6 7.Bg5 Bb7 8.e3 
d6 9.f3 Nbd7 10.Bd3 c5 11.Ne2 Re8 12.Qb3 h6 13.Bh4 d5 14.O-O Ba6 15.Rfc1 
b5 16.cxb5 c4 17.Bxc4 dxc4 18.Qxc4 Bb7 0-1

[Event "4th EUR-ch"]
[Site "Istanbul TUR"]
[Date "2003.06.02"]
[Round "4.69"]
[White "Ruck, Robert"]
[Black "Kilicaslan, Hasan"]
[Result "1/2-1/2"]
[WhiteElo "2569"]
[BlackElo "2260"]
[EventDate "2003.05.30"]
[PlyCount "41"]

1.Nf3 Nf6 2.c4 g6 3.d4 Bg7 4.g3 O-O 5.Bg2 d6 6.Nc3 Nc6 7.O-O a6 8.b3 Rb8 
9.Nd5 Nh5 10.Bb2 e6 11.Ne3 Ne7 12.Qd2 Nf6 13.Qc2 b6 14.Nd1 Bb7 15.Nc3 b5 
16.cxb5 axb5 17.Rac1 Qd7 18.b4 Rfc8 19.Rfd1 Nfd5 20.Nxd5 Nxd5 21.a3 
1/2-1/2

[Event "4th EUR-ch"]
[Site "Istanbul TUR"]
[Date "2003.06.02"]
[Round "4.70"]
[White "Yeke, Serkan"]
[Black "Stefansson, Hannes Hlifar"]
[Result "1/2-1/2"]
[WhiteElo "2287"]
[BlackElo "2565"]
[EventDate "2003.05.30"]
[PlyCount "97"]

1.Nf3 d6 2.c4 e5 3.d4 Nd7 4.Nc3 Ngf6 5.e4 Be7 6.Be2 O-O 7.O-O c6 8.b3 Re8 
9.Re1 Bf8 10.Bf1 a6 11.a3 exd4 12.Nxd4 Nc5 13.f3 a5 14.Rb1 g6 15.b4 axb4 
16.axb4 Ncd7 17.b5 Qc7 18.Be3 Nc5 19.Qd2 Nfd7 20.Ra1 Rxa1 21.Rxa1 Bg7 22.
Ra7 Qb6 23.Ra8 Rf8 24.Na2 Qc7 25.Ra7 Qb6 26.Ra3 Ne5 27.Nb4 Bd7 28.Qf2 Qd8 
29.Nbc2 Ne6 30.Nb3 f5 31.exf5 Rxf5 32.Ncd4 Nxd4 33.Nxd4 Ng4 34.Qa2 Nxe3 
35.Nxf5 Nxf5 36.Ra8 Bc8 37.bxc6 Bd4+ 38.Kh1 bxc6 39.c5+ Kg7 40.g4 Ne7 41.
Ba6 Bxc5 42.Qb2+ Kf7 43.g5 Qc7 44.Qf6+ Ke8 45.Qh8+ Kd7 46.Bxc8+ Nxc8 47.
Qxh7+ Ne7 48.Qh3+ Nf5 49.Qh7+ 1/2-1/2

[Event "4th EUR-ch"]
[Site "Istanbul TUR"]
[Date "2003.06.02"]
[Round "4.72"]
[White "Moiseenko, Olexandr"]
[Black "Marcelin, Cyril"]
[Result "1-0"]
[WhiteElo "2627"]
[BlackElo "2503"]
[EventDate "2003.05.30"]
[PlyCount "177"]

1.d4 d5 2.c4 e6 3.Nf3 Nf6 4.Nc3 c5 5.e3 a6 6.cxd5 exd5 7.Be2 Nc6 8.O-O Bd6
9.dxc5 Bxc5 10.b3 O-O 11.Bb2 Be6 12.Rc1 Ba7 13.Na4 Qd6 14.Nd4 Rac8 15.Nxc6
Rxc6 16.Rxc6 Qxc6 17.Qa1 Qc2 18.Bxf6 gxf6 19.Bf3 Qf5 20.Rd1 Rd8 21.Nc3 Qe5
22.Ne2 Qxa1 23.Rxa1 Rc8 24.Rc1 Rxc1+ 25.Nxc1 Kf8 26.Kf1 Ke7 27.Ke2 Kd6 28.
Kd2 a5 29.Nd3 b5 30.Bh5 Bf5 31.Nc1 Ke7 32.Ne2 b4 33.Kc1 Be4 34.Bf3 Kd6 35.
Bxe4 dxe4 36.Kd2 Ke5 37.f4+ Ke6 38.g4 Bc5 39.Ng3 Kd5 40.Ke2 Bf8 41.Nf5 Kc5
42.Kf1 Kd5 43.Kf2 Kc5 44.Kg3 Kb5 45.Kh4 Bc5 46.Kg3 a4 47.Kf2 axb3 48.axb3 
Bf8 49.Ng3 Bd6 50.Nh5 Be7 51.Kg3 Kc6 52.Kg2 Bc5 53.Kf2 Be7 54.Ng3 Kd5 55.
Nf1 Bc5 56.Nd2 Ba7 57.Nc4 Bc5 58.Kg3 Ba7 59.h3 Bb8 60.Kh4 Ba7 61.Kg3 Bb8 
62.Nd2 Ba7 63.Kf2 Bc5 64.Nf1 Bd6 65.Kg3 Bb8 66.h4 Bd6 67.g5 f5 68.Kf2 Ke6 
69.h5 Bf8 70.Ng3 Bg7 71.h6 Bh8 72.Ne2 Kd5 73.Kg3 Ke6 74.Kh3 Bc3 75.Kh4 
Be1+ 76.Kh3 Bc3 77.Kg2 Bb2 78.Ng3 Bh8 79.Kh3 f6 80.Ne2 fxg5 81.fxg5 Kf7 
82.Kh4 Bc3 83.Nf4 Be5 84.Nd5 Bc3 85.Kh5 Ke6 86.Nf4+ Kf7 87.g6+ hxg6+ 88.
Nxg6 Bf6 89.Nf4 1-0

[Event "4th EUR-ch"]
[Site "Istanbul TUR"]
[Date "2003.06.02"]
[Round "4.73"]
[White "Nikolaidis, Ioannis"]
[Black "Efimenko, Zahar"]
[Result "1/2-1/2"]
[WhiteElo "2498"]
[BlackElo "2599"]
[EventDate "2003.05.30"]
[PlyCount "68"]

1.d4 Nf6 2.c4 g6 3.Nc3 Bg7 4.e4 d6 5.Bg5 c5 6.d5 h6 7.Be3 O-O 8.h3 e6 9.
Bd3 Na6 10.Nf3 exd5 11.exd5 Nc7 12.Qd2 Kh7 13.O-O b5 14.b3 Re8 15.Rae1 b4 
16.Ne2 a5 17.Ng3 a4 18.Qc2 Ra7 19.Nh4 Kh8 20.Bxg6 fxg6 21.Qxg6 Rg8 22.Qd3 
Bf8 23.Ng6+ Kg7 24.f4 Ncxd5 25.cxd5 Ba6 26.Qc2 Bxf1 27.Kxf1 Kf7 28.f5 Qa8 
29.Qe2 Rxg6 30.fxg6+ Kxg6 31.Rd1 axb3 32.axb3 Re7 33.Qc2+ Kf7 34.Bc1 Qe8 
1/2-1/2

[Event "4th EUR-ch"]
[Site "Istanbul TUR"]
[Date "2003.06.02"]
[Round "4.74"]
[White "Vajda, Levente"]
[Black "Cherniaev, Alexander"]
[Result "0-1"]
[WhiteElo "2592"]
[BlackElo "2501"]
[EventDate "2003.05.30"]
[PlyCount "96"]

1.e4 c5 2.c3 d5 3.exd5 Qxd5 4.d4 Nf6 5.Nf3 Bg4 6.dxc5 Qxc5 7.Be3 Qc7 8.h3 
Bh5 9.Na3 a6 10.Qa4+ Nbd7 11.Rd1 e6 12.Bd4 Bxf3 13.gxf3 Rc8 14.Rg1 Qc6 15.
Qb3 Nc5 16.Qc2 Ncd7 17.Nc4 g6 18.h4 Rg8 19.Bxf6 Nxf6 20.Ne5 Qc5 21.Rg5 Qc7
22.Qa4+ Ke7 23.f4 Bh6 24.Qb4+ Ke8 25.Rg3 Qe7 26.Qa4+ Kf8 27.Rgd3 Rc7 28.
Bg2 Kg7 29.Kf1 Rf8 30.Bf3 Qc5 31.Rd4 Rfc8 32.Rb4 Qe7 33.Rdd4 Nd5 34.Bxd5 
exd5 35.Rxd5 Qxh4 36.Kg2 b5 37.Qxa6 Bxf4 38.Qxb5 Re7 39.Kf3 g5 40.Rxf4 
Qxf4+ 41.Kg2 Rce8 42.Nd3 Qg4+ 43.Kh2 h6 44.Rd4 Qf3 45.Qd5 Re4 46.c4 Qh5+ 
47.Kg2 Qg4+ 48.Kh2 Rxd4 0-1

[Event "4th EUR-ch"]
[Site "Istanbul TUR"]
[Date "2003.06.02"]
[Round "4.76"]
[White "Inarkiev, Ernesto"]
[Black "Dzhakaev, Dzhakay"]
[Result "1-0"]
[WhiteElo "2568"]
[BlackElo "2465"]
[EventDate "2003.05.30"]
[PlyCount "133"]

1.d4 d5 2.c4 c6 3.Nf3 Nf6 4.e3 Bf5 5.Nc3 e6 6.Nh4 Bg6 7.Nxg6 hxg6 8.h3 
Nbd7 9.Qc2 Bb4 10.Bd2 Nb6 11.c5 Nbd7 12.Bd3 Ba5 13.f4 b6 14.cxb6 axb6 15.
O-O O-O 16.a3 c5 17.b3 Qe7 18.Qb2 Rfe8 19.Bb5 Bxc3 20.Bxc3 Ne4 21.Be1 Nd6 
22.Bd3 Nf6 23.dxc5 bxc5 24.b4 Qa7 25.Qe2 Nfe4 26.Kh2 Reb8 27.Bc2 Qc7 28.
bxc5 Nxc5 29.a4 Nde4 30.Ra2 Qc6 31.a5 Ra6 32.Bd1 Qa8 33.Bc2 Qc6 34.Bd1 Qa8
35.Rg1 Qb7 36.Bc2 Qc6 37.Rh1 Qb7 38.h4 Rc6 39.h5 gxh5 40.Qxh5 f5 41.Bh4 
Qf7 42.Qxf7+ Kxf7 43.Be1 Ra6 44.g3 Ra7 45.Kg2 Ra6 46.Kf3 Ra7 47.g4 Ra6 48.
gxf5 exf5 49.Rh5 Kg6 50.Rh2 Kf7 51.Rh1 Rg6 52.Rh5 Rf6 53.Bh4 Rh6 54.Rxf5+ 
Ke6 55.Re5+ Kd6 56.Be7+ Kc6 57.Bxe4 dxe4+ 58.Kg3 Nd3 59.Rc2+ Kb7 60.Rxe4 
Rbh8 61.Kg4 Ka6 62.Bg5 Rd6 63.Rd4 Rxd4 64.exd4 Kxa5 65.d5 Kb5 66.d6 Nb4 
67.Rb2 1-0

[Event "4th EUR-ch"]
[Site "Istanbul TUR"]
[Date "2003.06.02"]
[Round "4.77"]
[White "Hug, Werner"]
[Black "Romero Holmes, Alfonso"]
[Result "1/2-1/2"]
[WhiteElo "2453"]
[BlackElo "2560"]
[EventDate "2003.05.30"]
[PlyCount "44"]

1.Nf3 d6 2.d4 Nf6 3.g3 g6 4.Bg2 Bg7 5.O-O O-O 6.a4 Na6 7.b3 e5 8.dxe5 dxe5
9.Ba3 Qxd1 10.Rxd1 Re8 11.Nc3 e4 12.Nd4 c6 13.e3 Bg4 14.Rd2 Rad8 15.h3 c5 
16.hxg4 cxd4 17.exd4 e3 18.fxe3 Nxg4 19.Nd5 Nxe3 20.Nxe3 Rxe3 21.Kf2 Rc3 
22.Rad1 b6 1/2-1/2

[Event "4th EUR-ch"]
[Site "Istanbul TUR"]
[Date "2003.06.02"]
[Round "4.78"]
[White "Shomoev, Anton"]
[Black "Bartel, Mateusz"]
[Result "1-0"]
[WhiteElo "2558"]
[BlackElo "2443"]
[EventDate "2003.05.30"]
[PlyCount "61"]

1.e4 c6 2.d4 d5 3.e5 Bf5 4.Nc3 e6 5.g4 Bg6 6.Nge2 c5 7.Be3 Nc6 8.dxc5 Nxe5
9.Nd4 Nd7 10.b4 Ngf6 11.Bg2 a5 12.a3 axb4 13.axb4 Rxa1 14.Qxa1 Nxg4 15.Bf4
Be7 16.c6 O-O 17.cxd7 Bxb4 18.O-O Qxd7 19.h3 Nf6 20.Ncb5 Ne4 21.c3 Bc5 22.
Qb2 f6 23.Be3 e5 24.Nc2 Ra8 25.Rd1 b6 26.Qb3 Rd8 27.Bxc5 bxc5 28.Ne3 c4 
29.Nxc4 Nc5 30.Nb6 Qf5 31.Rxd5 1-0

[Event "4th EUR-ch"]
[Site "Istanbul TUR"]
[Date "2003.06.02"]
[Round "4.79"]
[White "Zaja, Ivan"]
[Black "Conquest, Stuart"]
[Result "1-0"]
[WhiteElo "2417"]
[BlackElo "2556"]
[EventDate "2003.05.30"]
[PlyCount "109"]

1.d4 d6 2.c4 e5 3.d5 Be7 4.Nc3 a5 5.g3 f5 6.Bg2 Nf6 7.Nf3 O-O 8.O-O Na6 9.
a3 Bd7 10.Rb1 Nc5 11.b4 axb4 12.axb4 Nce4 13.Qb3 Kh8 14.Nd2 Nxc3 15.Qxc3 
Qe8 16.f4 e4 17.Bb2 Qh5 18.Rfe1 c6 19.dxc6 bxc6 20.Nb3 Rg8 21.c5 d5 22.Nd4
h6 23.Ra1 Kh7 24.Rxa8 Rxa8 25.Ra1 Qe8 26.Bh3 Rxa1+ 27.Bxa1 Qh5 28.Bf1 Ng4 
29.h3 Nf6 30.Bb2 Qg6 31.Kh2 Nh5 32.Qe1 Qe8 33.e3 Nf6 34.Be2 Qg6 35.Qd1 Be8
36.Ba6 Bd7 37.Be2 Be8 38.Qa1 Nh5 39.g4 fxg4 40.Bxg4 Bd7 41.Qg1 Bxg4 42.
Qxg4 Qe8 43.Qe6 Nf6 44.Qf5+ Kh8 45.Ne6 Qg8 46.b5 cxb5 47.c6 Qe8 48.c7 Kg8 
49.Bxf6 Bxf6 50.Qxd5 Kh8 51.Qd8 Bxd8 52.cxd8=Q Qxd8 53.Nxd8 b4 54.Nf7+ Kg8
55.Nd6 1-0

[Event "4th EUR-ch"]
[Site "Istanbul TUR"]
[Date "2003.06.02"]
[Round "4.81"]
[White "Moor, Roger"]
[Black "Stevic, Hrvoje"]
[Result "0-1"]
[WhiteElo "2405"]
[BlackElo "2550"]
[EventDate "2003.05.30"]
[PlyCount "52"]

1.c4 e5 2.g3 Nc6 3.Bg2 g6 4.Nc3 Bg7 5.Rb1 a5 6.d3 d6 7.a3 Nf6 8.Nf3 O-O 9.
O-O Re8 10.Bg5 h6 11.Bxf6 Bxf6 12.b4 axb4 13.axb4 Bg7 14.b5 Ne7 15.Qc2 c6 
16.Nd2 Be6 17.Rfc1 Nf5 18.e3 d5 19.bxc6 bxc6 20.cxd5 cxd5 21.Nb5 Rc8 22.
Nc7 d4 23.e4 Nd6 24.Rb6 Bf8 25.Nf3 Bd7 26.Nh4 Nb5 0-1

[Event "4th EUR-ch"]
[Site "Istanbul TUR"]
[Date "2003.06.02"]
[Round "4.82"]
[White "Olcayoz, Alper"]
[Black "Jaracz, Pawel"]
[Result "0-1"]
[WhiteElo "2310"]
[BlackElo "2549"]
[EventDate "2003.05.30"]
[PlyCount "208"]

1.Nf3 Nf6 2.c4 c6 3.Nc3 d5 4.e3 a6 5.b3 Bg4 6.Be2 e6 7.Bb2 Nbd7 8.O-O Bd6 
9.h3 Bh5 10.cxd5 cxd5 11.Nd4 Bg6 12.f4 O-O 13.Bf3 Bd3 14.Be2 Bg6 15.Bf3 
Nc5 16.f5 exf5 17.Nxd5 Nxd5 18.Bxd5 f4 19.Qf3 Nd3 20.Bc3 fxe3 21.dxe3 Rc8 
22.Bd2 Ne5 23.Qd1 Qe7 24.Nf5 Bxf5 25.Rxf5 g6 26.Rf1 Nd3 27.Qb1 Nb4 28.Bxb4
Qxe3+ 29.Kh1 Bxb4 30.Qe4 Qxe4 31.Bxe4 Rc7 32.Rac1 Re7 33.Rc4 Ba3 34.Bd5 
Rd8 35.Bf3 Kg7 36.Rc2 Rd3 37.g4 a5 38.Kg2 b6 39.Rff2 Bc5 40.Rfe2 Red7 41.
Re4 R7d6 42.Be2 Rd2 43.Rec4 R2d5 44.Bf3 Rd3 45.Re2 Rf6 46.Be4 Rd1 47.Rcc2 
Rfd6 48.Bf3 R6d3 49.Rf2 Re1 50.Be2 Bxf2 51.Bxd3 Bc5 52.Re2 Rg1+ 53.Kh2 Rc1
54.Rc2 Rd1 55.Be2 Re1 56.Bc4 Bd6+ 57.Kg2 Re3 58.Bf1 Bc5 59.Be2 Kh6 60.h4 
Kg7 61.Bf3 Rd3 62.h5 Kf6 63.hxg6 fxg6 64.Be2 Re3 65.Bf3 Kg5 66.Rc1 Rd3 67.
Re1 Rc3 68.Re2 Be3 69.Kg3 Bf4+ 70.Kg2 Be3 71.Kg3 h6 72.Re1 Bf4+ 73.Kg2 Be3
74.Kg3 Kf6 75.Rd1 Bc5 76.Rd2 Rc1 77.Re2 Rg1+ 78.Bg2 Bd6+ 79.Kf2 Rc1 80.Bd5
Kg5 81.Bf3 Bc5+ 82.Kg3 Bd6+ 83.Kg2 Kh4 84.Re6 Bf4 85.Re4 Rc2+ 86.Re2 Rc3 
87.Re4 Bd6 88.Rc4 Rd3 89.Re4 Bc5 90.Re6 Rd2+ 91.Re2 Rd6 92.Re1 Rd2+ 93.Re2
Rd1 94.Re6 Ra1 95.a4 Rb1 96.Bd5 Rg1+ 97.Kf3 Rg3+ 98.Ke2 Rxg4 99.Be4 Rg3 
100.Bxg6 Rxb3 101.Bc2 Rb2 102.Rxh6+ Kg5 103.Rg6+ Kh5 104.Kd1 Rxc2 0-1

[Event "4th EUR-ch"]
[Site "Istanbul TUR"]
[Date "2003.06.02"]
[Round "4.83"]
[White "Karadeniz, Emre"]
[Black "Areschenko, Alexander"]
[Result "0-1"]
[WhiteElo "2308"]
[BlackElo "2546"]
[EventDate "2003.05.30"]
[PlyCount "64"]

1.e4 c5 2.Nf3 d6 3.c3 Nf6 4.Bd3 Nc6 5.Bc2 g6 6.O-O Bg7 7.d3 O-O 8.Nbd2 Qc7
9.Re1 b6 10.a3 Bb7 11.d4 cxd4 12.cxd4 Rac8 13.Bd3 e5 14.d5 Ne7 15.Nb3 h6 
16.Bd2 Nh5 17.Qe2 f5 18.Rac1 Qd8 19.Rxc8 Qxc8 20.Rc1 Qd8 21.Rd1 Nf6 22.
exf5 gxf5 23.Bc4 Nfxd5 24.Nxe5 dxe5 25.Bb4 Rf7 26.Qd2 Qc8 27.Rc1 Qe6 28.
Rd1 Qc6 29.Rc1 Kh7 30.f3 b5 31.Bd3 Qa6 32.Na5 Nxb4 0-1

[Event "4th EUR-ch"]
[Site "Istanbul TUR"]
[Date "2003.06.02"]
[Round "4.84"]
[White "Gershon, Alik"]
[Black "Mamedov, Rauf"]
[Result "1/2-1/2"]
[WhiteElo "2543"]
[BlackElo "2330"]
[EventDate "2003.05.30"]
[PlyCount "120"]

1.d4 Nf6 2.c4 g6 3.Nc3 Bg7 4.e4 d6 5.Be2 O-O 6.Nf3 e5 7.d5 a5 8.Bg5 h6 9.
Bh4 Qe8 10.Nd2 Na6 11.Bxf6 Bxf6 12.Bg4 h5 13.Bxc8 Qxc8 14.O-O Bg5 15.Nf3 
Bh6 16.Ne1 f5 17.Nd3 fxe4 18.Nxe4 Qf5 19.Qe2 b6 20.b3 Nc5 21.Ndxc5 bxc5 
22.Rab1 Rab8 23.Rfd1 Qd7 24.Rd3 Rf4 25.f3 Rbf8 26.g3 R4f7 27.Kg2 h4 28.Rf1
h3+ 29.Kg1 Qf5 30.Rf2 Bc1 31.Qe1 Bh6 32.Qf1 Kg7 33.a4 Bg5 34.Qe1 Bh6 35.
Kf1 Kg8 36.Ke2 Kh8 37.Kd1 Qh5 38.Qe2 Qf5 39.Kc2 Kg8 40.Rd1 Rb8 41.Qd3 Bg7 
42.Qe3 Rb4 43.Qg5 Rf8 44.Rd3 Qxg5 45.Nxg5 Rf5 46.Ne4 Rb8 47.Kd1 Bh6 48.Rf1
Rbf8 49.Ke2 Rb8 50.Rc3 Rb4 51.Re1 Rf8 52.Kd1 Rbb8 53.Nf2 Rf5 54.Re4 Rbf8 
55.Ke2 Rh5 56.Nd3 Rhf5 57.Ne1 Kg7 58.Nc2 Bc1 59.Ne1 Bb2 60.Rd3 Bd4 1/2-1/2